|
|
|
|
| LEADER |
01161nam a2200289 a 4500 |
| 001 |
3562111 |
| 008 |
090713s1998 nyu b 001 0 eng d |
| 010 |
|
|
|a 98039506
|
| 020 |
|
|
|a 1840461381
|
| 040 |
|
|
|a DLC
|c DLC
|d DLC
|
| 082 |
0 |
0 |
|a 813/.54
|2 21
|
| 245 |
0 |
0 |
|a Toni Morrison, Beloved /
|c edited by Carl Plasa.
|
| 260 |
|
|
|a New York :
|b Columbia University Press;
|b Icon Books,
|c c1998.
|
| 300 |
|
|
|a 167 p. ;
|c 20 cm.
|
| 490 |
1 |
|
|a Columbia critical guides
|
| 504 |
|
|
|a Includes bibliographical references (p. 158-161) and index.
|
| 541 |
1 |
|
|e 00010075
|
| 600 |
1 |
0 |
|a Morrison, Toni.
|t Beloved.
|
| 650 |
|
0 |
|a Historical fiction, American
|x History and criticism.
|
| 650 |
|
0 |
|a African American women in literature.
|
| 650 |
|
0 |
|a Infanticide in literature.
|
| 650 |
|
0 |
|a Slavery in literature.
|
| 651 |
|
0 |
|a Ohio
|x In literature.
|
| 700 |
1 |
|
|a Plasa, Carl,
|d 1959-
|
| 852 |
4 |
|
|a Ayesha Abed Library
|j General Shelf.
|
| 999 |
|
|
|c 2324
|d 2324
|
| 952 |
|
|
|0 0
|1 0
|2 ddc
|4 0
|6 813_540000000000000_TON
|7 0
|9 2148
|a BRACUL
|b BRACUL
|c GEN
|d 2009-07-13
|g 0.00
|l 11
|m 53
|o 813.54 TON
|p 3010010075
|q 2025-12-31
|r 2025-12-24
|s 2025-12-24
|t 1
|w 2009-07-13
|y BK
|x No price found in the accession register.
|